| 000 | 00393nam a2200157Ia 4500 | ||
|---|---|---|---|
| 008 | 221030s9999 xx 000 0 und d | ||
| 020 | _a8172242875 | ||
| 041 | _aEnglish | ||
| 082 |
_a105.23 _bCha |
||
| 100 | _aN. C. Chaudhri | ||
| 245 | 4 |
_aThe Autobiography of an Unknown Indian _cby N. C. Chaudhri |
|
| 260 |
_bJaico Pub, _aDelhi _c2000 |
||
| 300 | _a610 | ||
| 650 | _aGeneral | ||
| 942 | _cBK | ||
| 999 |
_c1202 _d1202 |
||